Proyecto para el levantamiento de información en relación con el tema del Desarrollo Integral de la Niñez /
| Autor principal: | |
|---|---|
| Formato: | Libro |
| Lenguaje: | español |
| Publicado: |
San José, Costa Rica :
M. Salas,
2005
|
| Materias: |
MARC
| LEADER | 00000nam a2200000Ia 4500 | ||
|---|---|---|---|
| 008 | 180911b2005 cr ||||| |||| 00| | spa d | ||
| 999 | |c 2353 |d 2353 | ||
| 090 | |a 19.02.07 |b 1347 | ||
| 100 | 1 | |a Salas, Marta |9 4217 | |
| 245 | 1 | 0 | |a Proyecto para el levantamiento de información en relación con el tema del Desarrollo Integral de la Niñez / |c Marta Salas |
| 260 | |a San José, Costa Rica : |b M. Salas, |c 2005 | ||
| 300 | |a 72 páginas | ||
| 650 | 1 | 4 | |a BIBLIOGRAFÍAS |9 1485 |
| 650 | 1 | 4 | |a DESARROLLO DEL NIÑO |9 723 |
| 650 | 1 | 4 | |a ADOLESCENTES |9 5 |
| 942 | |i 002121 |h 19.02.07 1347 |2 z |c 01 | ||
